Report of the socio-economic conditions of the aboriginal tribes of the province of Madras (Record no. 489085)

000 -LEADER
fixed length control field 00360cam a22001097a 4500
008 - FIXED-LENGTH DATA ELEMENTS--GENERAL INFORMATION
fixed length control field 180718b1948 xxu||||| |||| 00| 0 eng d
082 ## - DEWEY DECIMAL CLASSIFICATION NUMBER
Classification number BA27x5452 M267
100 ## - MAIN ENTRY--PERSONAL NAME
Personal name Aiyappan, A.
245 ## - TITLE STATEMENT
Title Report of the socio-economic conditions of the aboriginal tribes of the province of Madras
Statement of responsibility, etc. by A. Aiyappan
260 ## - PUBLICATION, DISTRIBUTION, ETC.
Place of publication, distribution, etc. Madras
Name of publisher, distributor, etc. The government
Date of publication, distribution, etc. 1948
300 ## - PHYSICAL DESCRIPTION
Extent 185+p.
Holdings
Withdrawn status Lost status Damaged status Not for loan Permanent Location Current Location Date acquired Full call number Barcode Date last seen Price effective from Koha item type
        Indian Institute of Public Administration Indian Institute of Public Administration 2018-08-04 BA27x5452 M267 G557 2018-08-04 2018-08-04 G

Powered by Koha